Science Quiz

Random Science or Biology Quiz

Marsupial vs. Placental Mammals (Images) Quiz Stats

 Plays Quiz not verified by Sporcle

Score 0/20 Timer 04:00
0 Plays Today
# Mammal % Correct
3Thylacine†
95%
4Wolf
90.8%
8Anteater
82.4%
13Marsupial Mole
80.7%
9Antechinus
79.8%
14Mole
79.8%
10Mouse
79%
2Flying Squirrel
77.3%
15Wombat
74.8%
1Sugar Glider
64.7%
# Mammal % Correct
20Shrew
63.9%
18Saber-toothed Cat†
62.2%
16Groundhog
52.1%
6Slow Loris
49.6%
7Numbat
45.4%
5Cuscus
27.7%
11Potoroo
17.6%
19Shrew Opossum
17.6%
12Springhare
15.1%
17Thylacosmilus†
13.4%

You're not logged in!

Compare scores with friends on all Sporcle quizzes.
OR
Log In

Show Comments

Extras

Top Quizzes Today


Score Distribution

Your Account Isn't Verified!

In order to create a playlist on Sporcle, you need to verify the email address you used during registration. Go to your Sporcle Settings to finish the process.

Report this User

Report this user for behavior that violates our Community Guidelines.

Details: